| 000 -ლიდერი |
| ფიქსირებული სიგრძის საკონტროლო ველი |
01369nam a22002297a 4500 |
| 003 - საკონტროლო ნომრის იდენტიფიკატორი |
| საკონტროლო ველი |
Ge_BSU |
| 005 - ბოლო ოპერაციის თარიღი და დრო |
| საკონტროლო ველი |
20251017201453.0 |
| 008 - ფიქსირებული სიგრძის მონაცემთა ელემენტები - ზოგადი ინფორმაცია |
| ფიქსირებული სიგრძის საკონტროლო ველი |
251017s1985 ge ||||| |||| 00| 0 geo d |
| 041 ## - ენის კოდი |
| Language code of text/sound track or separate title |
geo |
| 080 ## - უნივერსალური ათობითი კლასიფიკაციის ინდექსი |
| Universal Decimal Classification number |
908(479.223)(084.12) ს-13 |
| 245 ## - ცნობა სათაურის შესახებ |
| Title |
საბჭოთა აჭარა = Советская Аджария = Soviet Ajaria = L'Adjarie Soviétique = Sowjet Adsharien : [ფოტოალბომი] / |
| Statement of responsibility, etc |
Автор текста и ответственный за выпуск В. Шарашидзе ; Редактор А. Андреев ; Фото Л. Виноградова ; Художник А. Финогенов. |
| 264 ## - წარმოების, გამოცემის, დისტრიბუციის და სხვა ცნობები |
| გამოცემის, წარმოების, დისტრიბუციის... ადგილი |
Москва : |
| გამოცემის, წარმოების, დისტრიბუციის... სახელწოდება |
Прогресс, |
| გამოცემის, წარმოების, დისტრიბუციის... თარიღი |
[1985] |
| 300 ## - ფიზიკური აღწერა |
| Extent |
[68] გვ. : |
| Other physical details |
ილ. ; |
| Dimensions |
17 სმ. |
| 500 ## - ზოგადი შენიშვნა |
| General note |
გარეკანი და ტექსტი ქართულ, რუსულ, ინგლისურ, ფრანგულ და გერმანულ ენებზე. |
| 653 ## - INDEX TERM--UNCONTROLLED |
| Uncontrolled term |
აჭარა |
| 653 ## - INDEX TERM--UNCONTROLLED |
| Uncontrolled term |
ფოტოალბომები |
| 700 ## - ADDED ENTRY--PERSONAL NAME |
| Personal name |
Андреев, А. |
| Relator term |
რედაქტორი |
| 9 (RLIN) |
26053 |
| 700 ## - ADDED ENTRY--PERSONAL NAME |
| Personal name |
Виноградова, Л. |
| Relator term |
ფოტო |
| 9 (RLIN) |
26054 |
| 700 ## - ADDED ENTRY--PERSONAL NAME |
| Personal name |
Финогенов, А. |
| Relator term |
მხატვარი |
| 9 (RLIN) |
26055 |
| 700 ## - ADDED ENTRY--PERSONAL NAME |
| Personal name |
შარაშიძე, ვ. |
| Relator term |
ტექსტის ავტორი |
| 9 (RLIN) |
26056 |
| 942 ## - ADDED ENTRY ELEMENTS (KOHA) |
| Source of classification or shelving scheme |
|
| Koha item type |
წიგნი |